Highest Ranking Rugby League Countries - Statistics

General Stats
  • This quiz has been taken 53 times
    7 since last reset
  • The average score is 9 of 12
Answer Stats
Answer % Correct
Australia
100%
England
100%
Fiji
100%
New Zealand
100%
Papua New Guinea
100%
Samoa
100%
Tonga
100%
France
83%
Ireland
50%
Wales
50%
Cook Islands
17%
Serbia
0%
No matching quizzes found
Score Distribution
Percent of People with Each Score
Percentile by Number Answered
Your Score History
You have not taken this quiz since the last reset